LEADER 01070nam a2200241 u 4500 001 000000050124 003 CaOOAMICUS 005 20070226115204.0 008 000724n it u000 u ita u 035 $a10852785 040 $aPUL(R)$bita 100 1 $aCarpineto, Alfredo.$0(OLS)http://pul/name/36153 245 10$aAspetti della controriforma in Abruzzo :$bla diocesi di Chieti nel sec. XVI /$cAlfredo Carpineto. 260 $aLanciano :$bCoop. editoriale tipografica,$c[1960?] 300 $a63 p. ;$c22 cm 504 $aBibliografia in nota. 610 24$aChieti (diocesi).$0(OLS)http://pul/subject/21095 650 4$aControriforma$zItalia.$0(OLS)http://pul/subject/3444 850 $aPUL 852 $aPUL$W1$xDP1 Fondo Maccarrone$y58$m1517 E 48$j66495$nBK-PRI$b $qFondi$B66495$CPULBib$Z2$F66495 $H $81 941 1 $a1 996 $6245$aAspetti della controriforma in Abruzzo :$bla diocesi di Chieti nel sec. XVI$9(OLS)http://pul/title/67478 996 $6260$aLanciano :$bCoop. editoriale tipografica$9(OLS)http://pul/publisher/67574 LEADER 01241nam a2200313 a 4500 001 000000144090 003 CaOOAMICUS 005 20150615110043.0 008 150615s1997 it u000 u ita r 020 $z8804418044* 040 $aPUL$bita 041 1 $aita$hfre 100 1 $aRausis, Philippe-Emmanuel.$0(OLS)http://pul/name/92522 240 10$aInitiation.$lItaliano.$0(OLS)http://pul/title/182284 245 12$aL'iniziazione /$cPhilippe-Emmanuel Rausis ; traduzione di Yasmina Mélaouah. 260 $aMilano :$bMondadori,$c1997. 300 $a95 p. ;$c19 cm 490 1 $aOscar saggi. Religioni ;$v510 650 4$aIniziazioni.$0(OLS)http://pul/subject/25267 700 1 $aMélaouah, Yasmina.$0(OLS)http://pul/name/92523 830 0$aOscar saggi.$pReligione ;$v510.$0(OLS)http://pul/title/143295 850 $aPUL 852 $aPUL$W1$xDP1 Fondo S. Lanza$y121$m3 C 9$j44349$qFondi$B166673$CPULBib$Z2$F166673 $HLan1341 $82 941 1 $a1 961 $aNota ms. di possesso: Sergio Lanza 996 $6020$z8804418044*$9(OLS)http://pul/number/157906 996 $6245$aL'iniziazione$9(OLS)http://pul/title/182285 996 $6260$aMilano :$bMondadori$9(OLS)http://pul/publisher/50297